000 00450nam a2200193 a 4500
001 2846
003 CO-ViMGA
008 141112s2004 ck r 000 u spa d
040 _aCO-ViMGA
_bspa
_cCO-ViMGA
082 0 4 _a574.5265 B143
100 1 _aBaker, Lucy
_951963
245 1 0 _aLos desiertos
250 _a4a
260 _aMadrid :
_bS.M,
_c1996
300 _a31 p : il
490 _aTierra viva
650 1 4 _aDESIERTOS
_951964
942 _2ddc
_cBK
999 _c14916
_d14916